| 000 | 005440000a22002050004500 | ||
|---|---|---|---|
| 003 | LK-CoMWRAF | ||
| 008 | 230817t ||||| |||| 00| 0 eng d | ||
| 040 |
_aLK-CoMWRAF _dLK-CoMWRAF _eLK-CoMWRAF |
||
| 041 | _aeng | ||
| 082 |
_a310 _bJAY |
||
| 100 | _aJayaweera, Swarna | ||
| 245 |
_aWomen, skill development and employemnt _bresearch studies |
||
| 260 |
_aColombo _bIPS |
||
| 300 | _ap.32 | ||
| 490 | _aWomen in development series 2 | ||
| 650 | _avocational training | ||
| 650 | _awomen & employment | ||
| 650 | _awomen-SL | ||
| 942 | _cBK | ||
| 999 |
_c2576 _d2576 |
||